[Event "Bhopal GM Open 2018"]
[Site "Bhopal"]
[Date "2018.12.26"]
[Round "8"]
[White "Movsziszian, Karen"]
[Black "Sahoo, Utkal Ranjan"]
[Result "1/2-1/2"]
[WhiteElo "2505"]
[BlackElo "2286"]
[Annotator "TA"]
[PlyCount "138"]
[EventDate "2018.12.21"]
[EventType "swiss"]
[EventCountry "IND"]
[SourceTitle "playchess.com"]
[Source "ChessBase"]
[SourceQuality "1"]

{[%evp 16,138,16,-31,7,-15,-15,-17,-16,-13,-20,-17,-20,-26,-5,-19,0,-1,0,-11,-18,-17,-16,-29,-26,-20,-18,-30,0,-38,-47,-61,-21,-56,-57,-47,-38,-44,-53,-53,-27,-52,0,0,0,0,0,0,9,15,9,0,29,0,33,18,29,37,32,32,77,20,20,20,20,20,23,23,23,0,0,0,12,12,12,12,12,12,12,12,12,12,12,12,12,12,12,12,12,12,12,12,19,19,19,19,19,12,12,12,22,0,0,0,0,0,0,0,0,0,0,0,855,0,0,0,0,0,0,0,0,0,0,0,0]} 1. g3 Nf6 2. Bg2 d5 3. Nf3 c6 4. c4 e6 5. b3 Nbd7 6. Bb2 Bd6 7. O-O O-O 8. d3 Qe7 9. a3 {LiveBook: 3 Games. A13: English Opening: 1...e6} b6 (9... a6 10. Nbd2 b5 11. Qc2 {½-½ (11) Jovanovic,D (2396)-Nomin Erdene,D (2356) Kecskemet 2015}) 10. e4 dxe4 11. dxe4 e5 12. Nh4 $146 ({Predecessor:} 12. Nbd2 Bb7 13. Nh4 g6 14. Re1 Nc5 15. Nf1 Rad8 16. Qc2 Bc7 17. Rad1 Rxd1 18. Rxd1 Rd8 {½-½ (18) Bisguier,A-Turner,A New York,NY 1957}) 12... g6 13. Nc3 Rd8 14. Qc2 Nf8 15. b4 Ne6 16. Nf3 c5 17. Rfe1 Nd4 18. Nxd4 cxd4 19. Nd5 Nxd5 20. exd5 {aiming for Bxd4!} Bf5 21. Qd1 Rac8 22. Rc1 (22. g4 $5 {[%cal Rg4f5]} Bd7 23. f4 $11) 22... Qd7 23. Qd2 h5 (23... Re8 {with more complications.} 24. Be4 f6 25. f3 a5 26. Bxf5 Qxf5 27. Rf1 Qg5) 24. c5 bxc5 25. bxc5 Rxc5 26. Rxc5 Bxc5 27. Rxe5 Rb8 $1 28. Re1 Rb3 ({Better is} 28... Qa4 $15) 29. Bxd4 $11 Rd3 30. Qxd3 $1 Bxd3 31. Bxc5 Bf5 32. h4 a5 33. Bd4 Kh7 34. Re3 Kh6 35. Rc3 Qe7 36. Kh2 Kh7 37. Rc5 Be4 {[#] Hoping for ...Bxg2.} 38. Rc8 (38. f3 $16 Bf5 39. Rxa5) 38... f6 {Threatens to win with ...Bxg2.} 39. Bxe4 Qxe4 40. Bxf6 {[%csl Gf6][%cal Rc8h8][%mdl 4096] Endgame KQ-KRB} g5 $1 41. Bxg5 Qxd5 42. Rc3 Qd4 43. Re3 Qb2 44. Rf3 Kg6 45. a4 Qd4 46. Rf6+ Kg7 47. Rf4 Qd5 48. Bf6+ Kg6 49. Bc3 Qc5 50. Bd2 Qd5 51. Be3 Qc6 52. Rd4 Kf5 53. Bd2 Ke5 54. Rf4 Qc5 55. Be3 Qc6 56. g4 hxg4 57. Rxg4 Kf5 58. Rg5+ Ke4 59. h5 Kf3 60. Rg3+ Ke2 61. h6 Qe4 62. Rg7 Qh4+ 63. Kg2 {[#] Strongly threatening h7.} Qxa4 $2 {[%mdl 8192]} (63... Qf6 $11) 64. Kg3 $2 (64. h7 $18 Qe4+ 65. Kg1 Qb1+ 66. Kh2 Qb8+ 67. Kg2) 64... Qe4 {The position is equal.} 65. Ra7 Qg6+ 66. Kh4 Qf6+ 67. Kh5 Qf5+ 68. Kh4 Qf6+ 69. Kh5 {With the idea h7.} Qf5+ {Precision: White = 54%, Black = 62%.} 1/2-1/2

[Event "Bhopal GM Open 2018"]
[Site "Bhopal"]
[Date "2018.12.26"]
[Round "8"]
[White "Khusenkhojaev, Muhammad"]
[Black "Shyaamnikhil P"]
[Result "1/2-1/2"]
[WhiteElo "2455"]
[BlackElo "2448"]
[Annotator "TA"]
[PlyCount "111"]
[EventDate "2018.12.21"]
[EventType "swiss"]
[EventCountry "IND"]
[SourceTitle "playchess.com"]
[Source "ChessBase"]
[SourceQuality "1"]

{[%evp 14,111,13,14,14,13,22,22,25,23,50,38,74,20,11,16,18,11,14,27,22,6,80,80,58,59,60,62,102,110,91,80,208,239,349,350,341,330,319,287,287,311,318,310,411,310,460,433,436,227,230,233,385,0,246,0,386,225,261,241,216,205,207,121,145,181,130,131,133,136,183,174,156,133,116,141,104,0,0,0,90,39,50,48,37,0,0,0,0,0,0,0,114,0,0,0,0,0,0,0]} 1. c4 e6 2. Nf3 d5 3. d4 c6 4. Qc2 Nf6 5. Nbd2 Be7 (5... dxc4 6. Nxc4 c5 7. dxc5 Bxc5 8. a3 O-O 9. b4 Be7 10. Bb2 Qc7 11. Rc1 Nbd7 12. e4 b5 13. Na5 Qxc2 14. Rxc2 Nxe4 15. Bxb5 {1-0 (52) Ivanchuk,V (2747)-Carlsen,M (2840) Doha 2016}) 6. e4 {D30: Queen's Gambit Declined: Systems without Nc3} dxe4 7. Nxe4 Nxe4 8. Qxe4 {LiveBook: 4 Games} c5 $146 ({Predecessor:} 8... Nd7 9. Bd2 c5 10. Bc3 cxd4 11. Qxd4 Bf6 12. Qd2 b6 13. Be2 Bxc3 14. Qxc3 Qf6 15. Qxf6 Nxf6 16. O-O Bb7 17. Rfd1 {½-½ (17) Akopian,V (2640)-Ehlvest,J (2593) Philadelphia 1999}) 9. dxc5 Na6 10. c6 Qb6 11. Be2 Bb4+ 12. Bd2 bxc6 13. O-O (13. a3 $16 Bxd2+ 14. Nxd2) 13... Bxd2 $11 14. Nxd2 Bb7 15. Bf3 O-O 16. Rfd1 Rab8 17. Qe5 $36 {[%mdl 2048] White has some pressure.} Qc5 (17... Rfd8 $11) 18. Qxc5 $16 Nxc5 19. b4 Na4 20. c5 $1 a5 21. bxa5 Nxc5 22. Rab1 Na4 (22... Rfd8 $16) 23. Rdc1 $18 Ba8 (23... Rfd8 $142 24. Rc4 (24. Bxc6 Bxc6 25. Rxb8 Rxb8 $16) 24... Rxd2) 24. Nb3 ({Wrong is} 24. Bxc6 $2 Rxb1 25. Nxb1 Rc8 $19) 24... Rb4 25. a3 (25. Bxc6 Bxc6 26. Rxc6 g6 $16) 25... Rf4 26. Bxc6 Bxc6 27. Rxc6 h5 28. f3 Rd8 29. Kf2 Rb8 (29... Rd3 $142 30. a6 Nc3) 30. a6 Ra8 31. Ke3 (31. Na5 $142) 31... Rf5 32. Kd3 Rf4 $2 {[#]} (32... Rd8+ 33. Kc4 Rf4+ 34. Kb5 Rd5+ 35. Nc5 Nc3+ {[%mdl 64] Double Attack} 36. Kb6 Nxb1) 33. Ke3 Rf5 $1 34. Kd3 (34. Rbc1 $142 {Threatens to win with Rc8+.} Rb5 35. Rc8+ Rxc8 36. Rxc8+ Kh7 37. Nd4 Re5+ 38. Kf2) 34... Rf4 $1 35. Kc2 (35. Na5 $142) 35... h4 36. h3 Rf5 37. Rd1 Rb5 38. Rd4 (38. Rdd6 $18) 38... Rb6 $16 39. Rxb6 Nxb6 {[%mdl 4096] Endgame KRN-KRN} 40. Rd6 ({Don't take} 40. Rxh4 $6 Rxa6 41. Kb2 Na4+ 42. Ka1 g6 $14) 40... Nc4 41. Rc6 Ne5 42. Rc5 f6 43. Ra5 Nc4 44. Ra4 Nb6 45. Ra5 {Nc5 is the strong threat.} Nc4 46. Ra4 Nb6 47. Rxh4 (47. Rb4 $16 Nd5 48. Nc5 (48. Rxh4 Rxa6 49. a4 g5 $14)) 47... Rxa6 $14 48. Kb2 Na4+ 49. Ka2 Nc3+ 50. Kb2 Nd1+ 51. Ka2 Nc3+ 52. Ka1 Rxa3+ 53. Kb2 Ra4 $1 {The position is equal.} 54. Rd4 Rxd4 55. Nxd4 Nd1+ 56. Kc1 {Accuracy: White = 61%, Black = 62%.} 1/2-1/2

[Event "Bhopal GM Open 2018"]
[Site "Bhopal"]
[Date "2018.12.26"]
[Round "8"]
[White "Nitin, S.."]
[Black "Md.abzid, Rahman"]
[Result "1/2-1/2"]
[WhiteElo "2450"]
[BlackElo "2040"]
[Annotator "TA"]
[PlyCount "143"]
[EventDate "2018.12.21"]
[EventType "swiss"]
[EventCountry "IND"]
[SourceTitle "playchess.com"]
[Source "ChessBase"]
[SourceQuality "1"]

{[%evp 19,143,26,31,2,19,0,60,27,36,14,75,74,77,73,72,41,56,29,44,36,41,31,86,48,105,39,27,39,131,125,143,134,122,94,95,94,94,78,193,109,81,78,78,78,78,81,95,0,0,0,0,0,0,0,0,0,0,0,247,244,171,202,132,0,0,0,0,0,0,0,0,0,0,0,0,0,0,0,0,0,0,0,0,0,0,0,0,0,16,13,6,0,270,0,0,0,0,0,0,0,0,0,0,0,0,0,0,-10,-10,-10,-10,-10,0,0,0,0,0,0,0,0,0,0,0,0,0,0]} 1. e4 c5 2. Nf3 e6 3. d4 cxd4 4. Nxd4 Nc6 5. Nc3 Qc7 6. Be3 a6 7. Qf3 {B48: Sicilian: Taimanov: 5 Nc3 Qc7 6 Be3 a6 without Be2} b5 8. Nxc6 Qxc6 9. Bd3 Bb7 10. Qg3 h5 {LiveBook: 4 Games} 11. O-O h4 12. Qh3 $146 ({Predecessor:} 12. Qg4 Nf6 13. Qf3 b4 {0-1 (31) Bagdasarian,S (1898)-Potkin,V (2574) Sochi 2017}) 12... Ne7 (12... Nf6 $11) 13. a4 {[%cal Ra4b5]} b4 14. Ne2 d5 (14... Ng6 $11) 15. e5 $16 Qc7 16. f4 $36 {[%mdl 2048] White is in control.} g6 17. Nd4 Nf5 18. Nxf5 gxf5 19. Bd4 Bc5 20. Qe3 Rg8 (20... Bxd4 $14 21. Qxd4 Qe7) 21. a5 (21. Bxc5 $2 d4 $19) 21... Rc8 (21... Bxd4 $14 22. Qxd4 Rb8) 22. Rf2 (22. c3 $16) 22... Kd7 $14 23. c3 b3 ({Better is} 23... bxc3 $1 $14 24. bxc3 Bxd4 25. cxd4 Qc3) 24. Bf1 $16 Rg4 25. Be2 Rg7 26. Bd1 Bxd4 27. cxd4 Bc6 28. Qxb3 Qa7 (28... Bb5 $16) 29. Qb4 (29. Rc1 $18) 29... Bb5 30. Rc2 Rxc2 31. Bxc2 h3 32. g3 Rg8 33. Ba4 ({White should play} 33. Kf2 $16) 33... Rb8 $1 $11 34. Rc1 Bxa4 35. Qxa4+ {[%mdl 4096] Endgame KQR-KQR} Ke7 36. Rc6 Kf8 37. Qa3+ Kg7 38. Qc3 Rb3 $2 (38... Qd7 $11) 39. Qxb3 $18 Qxd4+ 40. Kf1 Qe4 41. Rc8 (41. Rxa6 $2 Qh1+ 42. Ke2 (42. Kf2 $2 Qxh2+ 43. Ke1 Qh1+ 44. Kd2 h2 $19) 42... Qxh2+ 43. Ke1 Qh1+ 44. Ke2 (44. Kd2 $2 h2 $19) 44... Qg2+ 45. Kd3 h2 $19) ({White should try} 41. Qd1 $16 Qg2+ 42. Ke1 Qxh2 43. Qf3 (43. Rxa6 $2 Qg1+ 44. Ke2 h2 $19) 43... Qg1+ 44. Kd2 Qd4+ 45. Ke2 Qxb2+ 46. Kd1) 41... Qh1+ $11 42. Ke2 (42. Kf2 Qxh2+ 43. Ke1 Qg1+ 44. Kd2 Qf2+ 45. Kc3 Qe1+ 46. Kd4 Qd2+ 47. Qd3 Qb4+ 48. Ke3 d4+ 49. Qxd4 Qe1+ 50. Kf3 Qf1+ 51. Ke3 Qe1+ 52. Kf3 h2) 42... Qxh2+ 43. Kd3 Qxg3+ {[%mdl 64] [#] Double Attack} 44. Kc2 Qg2+ 45. Kc3 d4+ 46. Kxd4 h2 47. Qb8 $1 Qd2+ 48. Kc5 Qd5+ $1 ({Don't go for} 48... Qxa5+ $2 49. Kd6 $18) 49. Kb4 $1 Qd2+ {[%mdl 64] [#] Double Attack} 50. Ka4 Qd7+ ({Don't blunder} 50... Qxf4+ $2 51. b4 $18) 51. Ka3 {Rg8+ would kill now.} Qxc8 $1 ({Inferior is} 51... h1=Q 52. Rg8+ Kh7 53. Rh8+ Kg7 54. Qg8#) (51... Qe7+ 52. b4 f6 53. Rg8+ Kh7 54. Rh8+ Kg6 55. Rxh2 fxe5 56. Qg8+ Qg7 57. Rg2+ Kh5 58. Qxg7 exf4 59. Qh8#) 52. Qxc8 {White wants to mate with Qb7.} h1=Q 53. Qxa6 {Strongly threatening Qe2. KQ-KQ} Qa1+ 54. Kb3 Qd1+ 55. Kb4 Qd4+ $2 {[%mdl 8192]} (55... Qd2+ $11 {and Black has nothing to worry.} 56. Ka4 Qxf4+ 57. b4 Qxe5) 56. Kb5 $2 ({White has to play} 56. Qc4 $18 Qxb2+ 57. Kc5) 56... Qxb2+ {The position is equal.} 57. Kc6 Qc1+ 58. Kb7 Qxf4 59. Qb5 {Hoping for a6.} Qe4+ 60. Kb8 f4 61. a6 {a7 is the strong threat.} f3 {Threatens to win with ...Qe2.} 62. a7 Qe2 63. Qc5 f2 64. a8=Q $1 {[%cal Ra8g2] Intending Qg2+ and mate.} f1=Q {And now ...Qb5+ would win.} 65. Kc7 {Black must now prevent Qcf8+.} Qc4 66. Qaf8+ Kh7 67. Qxc4 Qxc4+ 68. Kd7 Qd5+ 69. Ke7 Qxe5 {( -> ...Qc5+)} 70. Qxf7+ {[%mdl 64] Double Attack} Qg7 71. Kxe6 Qxf7+ 72. Kxf7 {Accuracy: White = 62%, Black = 54%.} 1/2-1/2

[Event "Bhopal GM Open 2018"]
[Site "Bhopal"]
[Date "2018.12.26"]
[Round "8"]
[White "Nitin, S.."]
[Black "abzid, Rahman"]
[Result "1/2-1/2"]
[WhiteElo "2450"]
[BlackElo "2040"]
[Annotator "TA"]
[PlyCount "143"]
[EventDate "2018.12.21"]
[EventType "swiss"]
[EventCountry "IND"]
[SourceTitle "playchess.com"]
[Source "ChessBase"]
[SourceQuality "1"]

{[%evp 19,143,41,44,0,21,14,54,34,32,25,67,66,61,61,76,32,45,53,47,49,30,44,97,68,80,29,22,34,125,80,146,115,134,100,100,100,100,82,185,82,114,82,82,85,86,86,96,0,0,0,0,0,0,0,0,0,0,0,190,191,172,183,161,0,0,0,0,0,0,0,0,0,0,0,0,0,0,0,0,0,0,0,0,0,0,0,0,0,0,0,0,1,363,0,0,0,0,0,0,0,0,0,0,0,0,0,0,-8,-8,-8,-8,-8,0,0,0,0,0,0,0,0,0,0,0,0,0,0]} 1. e4 c5 2. Nf3 e6 3. d4 cxd4 4. Nxd4 Nc6 5. Nc3 Qc7 6. Be3 a6 7. Qf3 {B48: Sicilian: Taimanov: 5 Nc3 Qc7 6 Be3 a6 without Be2} b5 8. Nxc6 Qxc6 9. Bd3 Bb7 10. Qg3 h5 {LiveBook: 4 Games} 11. O-O h4 12. Qh3 $146 ({Predecessor:} 12. Qg4 Nf6 13. Qf3 b4 {0-1 (31) Bagdasarian,S (1898)-Potkin,V (2574) Sochi 2017}) 12... Ne7 13. a4 {[%cal Ra4b5]} b4 14. Ne2 d5 15. e5 Qc7 16. f4 g6 17. Nd4 Nf5 18. Nxf5 gxf5 19. Bd4 Bc5 20. Qe3 Rg8 (20... Bxd4 $14 21. Qxd4 Qe7) 21. a5 (21. Bxc5 $2 d4 $19) 21... Rc8 22. Rf2 (22. c3 $16) 22... Kd7 $11 23. c3 b3 (23... bxc3 $1 $14 24. bxc3 Bxd4 25. cxd4 Qc3) 24. Bf1 Rg4 ({Black should try} 24... Bxd4 25. cxd4 Bc6) 25. Be2 Rg7 26. Bd1 Bxd4 27. cxd4 Bc6 28. Qxb3 Qa7 (28... Bb5 $16 {might work better.}) 29. Qb4 (29. Rc1 $18 {is more deadly.}) 29... Bb5 $16 30. Rc2 Rxc2 31. Bxc2 h3 32. g3 Rg8 33. Ba4 (33. Qd2 $16) 33... Rb8 $1 $11 34. Rc1 Bxa4 35. Qxa4+ {[%mdl 4096] Endgame KQR-KQR} Ke7 36. Rc6 Kf8 37. Qa3+ Kg7 38. Qc3 Rb3 $2 (38... Qd7 $11 {and Black stays safe.}) 39. Qxb3 $18 Qxd4+ 40. Kf1 Qe4 41. Rc8 $2 (41. Rxa6 $2 Qh1+ 42. Ke2 (42. Kf2 $2 Qxh2+ 43. Ke1 Qh1+ 44. Kd2 h2 $19) 42... Qxh2+ 43. Ke1 Qh1+ 44. Kd2 h2 $19) (41. Qd1 $18 Qg2+ 42. Ke1 Qxh2 43. Qf3 (43. Rxa6 $2 Qxg3+ 44. Ke2 Qg4+ 45. Kd2 Qxd1+ 46. Kxd1 h2 $19) 43... Qg1+ 44. Kd2 Qd4+ 45. Ke1) 41... Qh1+ $11 42. Ke2 (42. Kf2 Qxh2+ 43. Ke1 Qg1+ 44. Kd2 Qf2+ 45. Kc3 Qe1+ 46. Kd4 Qd2+ 47. Qd3 Qb4+ 48. Ke3 d4+ 49. Qxd4 Qe1+ 50. Kd3 h2) 42... Qxh2+ 43. Kd3 Qxg3+ {[%mdl 64] [#] Double Attack} 44. Kc2 Qg2+ 45. Kc3 {aiming for Qb8.} d4+ 46. Kxd4 h2 47. Qb8 $1 {White wants to mate with Rg8+.} Qd2+ 48. Kc5 Qd5+ $1 (48... Qxa5+ 49. Kd6 $18) 49. Kb4 $1 Qd2+ {[%mdl 64] [#] Double Attack} 50. Ka4 {Intending Rg8+ and mate.} Qd7+ ({Don't blunder} 50... Qxf4+ $2 51. b4 $18) 51. Ka3 {Threatening mate with Rg8+.} Qxc8 $1 ({Stronger than} 51... h1=Q 52. Rg8+ Kh7 53. Rh8+ Kg7 54. Qg8#) ({Not} 51... Qe7+ 52. Kb3 f6 53. Rg8+ Kh7 54. Rh8+ Kg6 55. Qg8+ Qg7 56. Qe8+ Qf7 57. Rg8+ Kh6 58. Qxf7 h1=Q 59. Rh8#) 52. Qxc8 h1=Q 53. Qxa6 {KQ-KQ} Qa1+ 54. Kb3 Qd1+ 55. Kb4 Qd4+ $2 {[%mdl 8192]} (55... Qd2+ $11 56. Ka4 Qxf4+ 57. b4 Qf3) 56. Kb5 $2 (56. Qc4 $18 Qxb2+ 57. Kc5) 56... Qxb2+ {The position is equal.} 57. Kc6 Qc1+ 58. Kb7 {Threatens to win with Qc6.} Qxf4 59. Qb5 {Black must now prevent a6.} Qe4+ 60. Kb8 f4 61. a6 f3 {Hoping for ...Qe2.} 62. a7 Qe2 63. Qc5 f2 64. a8=Q $1 {[%cal Ra8g2] White threatens Qg2+ and mate.} f1=Q {Strongly threatening ...Qb5+.} 65. Kc7 $132 {[%mdl 2048] Qcf8+ is the strong threat. White is fighting back} Qc4 66. Qaf8+ Kh7 67. Qxc4 Qxc4+ 68. Kd7 Qd5+ 69. Ke7 Qxe5 {( -> ...Qc5+)} 70. Qxf7+ {[%mdl 64] Double Attack} Qg7 71. Kxe6 Qxf7+ 72. Kxf7 {Accuracy: White = 55%, Black = 55%.} 1/2-1/2

[Event "Bhopal GM Open 2018"]
[Site "Bhopal"]
[Date "2018.12.26"]
[Round "8"]
[White "Nguyen, Van Huy"]
[Black "Vignesh N R"]
[Result "1/2-1/2"]
[WhiteElo "2438"]
[BlackElo "2455"]
[Annotator "TA"]
[PlyCount "38"]
[EventDate "2018.12.21"]
[EventType "swiss"]
[EventCountry "IND"]
[SourceTitle "playchess.com"]
[Source "ChessBase"]
[SourceQuality "1"]

{[%evp 21,28,0,18,9,15,0,0,-8,16]} 1. d4 d5 2. Nf3 Nf6 3. c4 e6 4. g3 Bb4+ 5. Bd2 Be7 6. Bg2 O-O 7. O-O c6 8. Qc2 Nbd7 9. Rd1 b6 10. b3 Ba6 11. a4 Bd6 {LiveBook: 17 Games. The position is equal. E15: Queen's Indian: 4 g3 sidelines, 4 g3 Ba6 and 4 g3 Bb7 early deviations} (11... Qc8 12. Na3 c5 13. cxd5 Nxd5 14. Nc4 Bb7 15. dxc5 Nxc5 16. Rac1 Nf6 17. b4 Nce4 18. Be1 Qe8 19. Ng5 Nxg5 20. Bxb7 {1-0 (35) Matlakov,M (2704)-Zhou,J (2624) Qinhuangdao 2018}) 12. Bg5 h6 13. Bxf6 Nxf6 14. Nbd2 Bb4 {Predecessor:} 15. e4 $146 Rc8 16. Rac1 Qe7 17. Bf1 Bb7 18. Qb1 c5 19. exd5 exd5 {0-1 (34) Lekic,D (2356)-Fier,A (2570) Rio Achaea 2018} 1/2-1/2

[Event "Bhopal GM Open 2018"]
[Site "Bhopal"]
[Date "2018.12.26"]
[Round "8"]
[White "Laxman, R.R."]
[Black "Tran, Tuan Minh"]
[Result "0-1"]
[WhiteElo "2436"]
[BlackElo "2524"]
[Annotator "TA"]
[PlyCount "111"]
[EventDate "2018.12.21"]
[EventType "swiss"]
[EventCountry "IND"]
[SourceTitle "playchess.com"]
[Source "ChessBase"]
[SourceQuality "1"]

{[%evp 20,111,53,13,36,39,52,12,40,13,22,0,2,0,7,-15,0,0,0,0,0,-2,-4,-10,0,-41,-33,-55,-39,-45,-40,-42,-50,-448,-441,-455,-164,-159,-155,-161,-115,-127,-111,-97,-95,-146,-135,-139,-122,-141,-101,-101,-101,-93,-93,-93,-110,-92,-60,-64,-63,-152,-41,-39,-3,-58,-55,-62,-16,-14,-18,-29,0,0,0,0,0,0,0,-230,-225,-221,-191,-532,-531,-518,-499,-980,-956,-1704,-1716,-1539,-1320,-1771]} 1. d4 Nf6 2. Nf3 b6 3. g3 Bb7 4. Bg2 c5 5. c4 cxd4 6. Qxd4 Nc6 7. Qf4 g6 8. Nc3 Bg7 9. O-O O-O 10. Rd1 {A30: Symmetrical English: Double Fianchetto and Hedgehog} (10. Qh4 Na5 11. Bd2 Rc8 12. b3 Rc5 13. g4 Qa8 14. Rad1 d6 15. Be3 Nxg4 16. Bxc5 bxc5 17. Nd5 Bxd5 {½-½ (59) Cramling,P (2449)-Akobian,V (2647) Caleta 2018}) 10... Rc8 11. Rb1 {LiveBook: 16 Games} a6 12. b3 {White is slightly better.} d6 13. Qh4 Nb8 $146 ({Predecessor:} 13... Re8 14. Bh6 Bh8 15. Ng5 Qc7 16. Rbc1 Ne5 17. Bxb7 Qxb7 18. Nge4 {1-0 (26) Iljin,A (2537)-Skomorokhin,R (2381) Sochi 2015}) 14. Bb2 Nbd7 15. Ne1 Bxg2 16. Nxg2 Rc5 {[%cal Bc8c5,Bc5a5,Ba5a4,Ba4b4][%mdl 32]} 17. Nd5 b5 18. Nge3 bxc4 19. bxc4 Re8 20. Bd4 Ra5 21. Rd2 Ra4 22. Nc3 Qa5 23. Rc2 e5 $36 {[%mdl 2048] White is under pressure.} 24. Ba7 Rb4 $1 {[%cal Rb4b1]} 25. Rxb4 Qxb4 26. Ned5 $2 {[%mdl 8192]} (26. c5 $15 Qb7 27. Bb6) 26... Nxd5 $19 27. cxd5 Qxh4 $2 (27... e4 $1 28. Qh3 f5) 28. gxh4 Rc8 {aiming for ...e4!} 29. e4 f5 {...Nf6 is the strong threat.} 30. Be3 Nf6 31. Rc1 fxe4 32. Kg2 ({White should play} 32. Bd2) 32... Rc4 $17 33. Bd2 h6 34. Kf1 Kh7 35. Rb1 Rd4 36. Ke2 Nxd5 37. Nxd5 Rxd5 {[%mdl 4096] Endgame KRB-KRB} 38. Rb6 Rd3 39. Rxa6 d5 $1 {[%cal Rd5d4]} 40. Bb4 {[#]} (40. a4 $1 $15) 40... Rf3 ({Black should try} 40... d4 $1 $17 {Hoping for ...Rh3.} 41. Ra3 Rxa3 42. Bxa3 Kg8) 41. a4 $15 d4 42. a5 (42. Ra7 $11) 42... Rb3 $1 {[%cal Rb3b4]} 43. Rb6 Rb2+ 44. Ke1 Rb1+ 45. Kd2 Rb2+ (45... Rf1 $5 {[%cal Rf1f2]} 46. Ke2 Ra1 $11) 46. Ke1 h5 47. Rb7 {Threatens to win with a6.} Rb1+ $1 48. Kd2 $1 {Black must now prevent a6.} Rb2+ 49. Kc1 $2 (49. Ke1 $11 {and White is okay.} Rb1+ 50. Kd2 Rb2+ 51. Ke1) 49... Rxf2 $19 50. a6 {[#] Strongly threatening a7.} e3 $1 ({Don't blunder} 50... Rxh2 $2 51. a7 $18) 51. Kb1 $2 (51. a7 Ra2 52. Kb1) 51... d3 {Black is clearly winning.} 52. a7 d2 {[%cal Rd2d1]} 53. Rd7 {[#]} (53. Kc2 $142 Rf1 54. Rd7) 53... Rf7 $1 {[%cal Rf7d7][%mdl 576] Promotion} 54. Rxf7 d1=Q+ 55. Kb2 Qd5 56. Re7 {Accuracy: White = 39%, Black = 67%.} 0-1

[Event "Bhopal GM Open 2018"]
[Site "Bhopal"]
[Date "2018.12.26"]
[Round "8"]
[White "Rathnakaran, K.."]
[Black "Tarun V Kanth"]
[Result "1-0"]
[WhiteElo "2366"]
[BlackElo "2030"]
[Annotator "TA"]
[PlyCount "37"]
[EventDate "2018.12.21"]
[EventType "swiss"]
[EventCountry "IND"]
[SourceTitle "playchess.com"]
[Source "ChessBase"]
[SourceQuality "1"]

{[%evp 18,37,0,-56,85,79,105,57,63,59,69,58,270,266,246,228,968,962,942,931,974,966]} 1. e4 e6 2. d3 d5 3. Nd2 Nf6 4. Ngf3 c5 5. g3 Nc6 6. Bg2 g6 7. O-O Bg7 8. exd5 Nxd5 9. Ne4 b6 {A08: King's Indian Attack} 10. c4 {LiveBook: 14 Games} (10. h4 $11) 10... Ndb4 $146 (10... Nde7 $1 $15 {stays ahead.}) ({Predecessor:} 10... Nc7 11. Qa4 Bd7 12. Nd6+ Ke7 13. Ng5 Nd4 14. Qd1 Rf8 15. Bf4 e5 16. Nb7 Qc8 17. Be3 {0-1 (35) Sanikidze,T (2518)-Palac,M (2573) Chartres 2017}) 11. d4 $16 cxd4 {White is better.} 12. a3 Na6 $1 13. Bg5 f6 14. Qa4 Bb7 $2 {[#]} (14... fxg5 $14 15. Qxc6+ {[%mdl 64] Double Attack} Bd7) 15. Nxd4 $1 $18 {[%mdl 512]} Qxd4 16. Rad1 Nc5 $2 {[#]} (16... O-O) 17. Nxc5 $1 {White is clearly winning.} Qxc5 18. Be3 Qe7 19. Bxc6+ {Accuracy: White = 81%, Black =  6%.} 1-0

[Event "Bhopal GM Open 2018"]
[Site "Bhopal"]
[Date "2018.12.26"]
[Round "8"]
[White "Ziatdinov, Raset"]
[Black "Parthasarathy, R."]
[Result "1/2-1/2"]
[WhiteElo "2252"]
[BlackElo "2019"]
[Annotator "TA"]
[PlyCount "93"]
[EventDate "2018.12.21"]
[EventType "swiss"]
[EventCountry "IND"]
[SourceTitle "playchess.com"]
[Source "ChessBase"]
[SourceQuality "1"]

{[%evp 21,93,33,31,0,18,24,32,43,54,43,72,20,26,42,65,-29,32,-63,-68,-71,-60,-96,-93,-227,-221,-234,-213,-370,-367,-347,-187,-327,-325,-310,-308,-289,-287,-289,-210,-210,-200,-200,-198,-198,-198,-181,-110,-110,-110,-110,-110,-110,-18,-18,-18,-18,-18,-34,-8,-8,-8,-8,0,-8,-8,-34,0,0,0,0,0,0,0,0]} 1. e4 e5 2. Nf3 Nc6 3. Bb5 a6 4. Ba4 d6 5. Bxc6+ bxc6 6. d4 f6 7. Be3 Ne7 8. Nc3 Ng6 9. Qd2 Be7 10. O-O-O Bd7 {C73: Ruy Lopez: Deferred Steinitz: 5 Bxc6+} 11. h4 h5 $1 {LiveBook: 3 Games} 12. Qe2 $146 ({Predecessor:} 12. Kb1 a5 13. dxe5 fxe5 14. Ng5 Bf6 15. g3 Qe7 16. Ka1 Rb8 17. Qd3 Bxg5 18. Bxg5 {½-½ (57) Hernandez,G (2525)-Arencibia Rodriguez,W (2560) Santa Clara 1991}) 12... Qc8 13. dxe5 Nxe5 14. Nxe5 fxe5 15. Bg5 Bf6 16. Rdf1 (16. f4 $16) 16... Qb7 17. f4 Rb8 18. Bxf6 (18. b3 $14) 18... gxf6 (18... Qxb2+ $11 19. Kd2 Rb4) 19. fxe5 (19. b3 $14 Bg4 20. Qd2) 19... Qxb2+ $15 (19... Bg4 $6 20. Qc4 $14) 20. Kd2 Rb4 21. Qd3 {[#]} Rg8 $1 {[%cal Rg8g2]} (21... dxe5 $2 22. Rb1 $18) 22. Rb1 (22. g3 $17 {was the only defense.} fxe5 23. Rb1) 22... Rxg2+ $19 23. Ne2 Qd4 $1 24. Rxb4 $2 (24. Qxd4 {is a better defense.} Rxd4+ 25. Ke3) 24... Qxb4+ 25. Kc1 Qb5 ({Less strong is} 25... dxe5 26. Qf3 $19) (25... Bg4 $142 26. a3 Qa4) 26. e6 (26. Qxb5 {was the only chance.} axb5 27. Nf4) 26... Qxd3 ({Inferior is} 26... Bxe6 27. Qxb5 axb5 28. Nf4 $11) 27. exd7+ Kxd7 28. cxd3 Rxe2 {[%mdl 4096] Endgame KR-KR} 29. Rg1 Ke6 ({Much less strong is} 29... Rxa2 30. Rg7+ Kc8 31. Rh7 $19) 30. Rg7 Rxa2 31. Rxc7 Rh2 32. Rxc6 Rxh4 {Strongly threatening ...Rh1+.} 33. Rxa6 Rh1+ (33... Rh2 $19 {...h4 is the strong threat.} 34. Kd1 h4) 34. Kd2 $17 h4 {aiming for ...h3.} 35. Ke3 h3 {And now ...h2 would win.} 36. Ra2 {[#]} Rg1 ({Black should try} 36... f5 $1 $17 37. Kf4 fxe4 38. dxe4 h2) 37. Kf3 $11 Rd1 38. Ke3 Rh1 39. Rf2 Re1+ 40. Kf4 Rd1 41. Ke3 Rh1 42. Kf4 h2 43. d4 d5 44. exd5+ $1 {The position is equal.} Kxd5 45. Kg3 Kxd4 46. Rxf6 Ra1 47. Kxh2 {Accuracy: White = 47%, Black = 37%.} 1/2-1/2